| 000 | 00574nam a22001697a 4500 | ||
|---|---|---|---|
| 003 | OSt | ||
| 005 | 20260131031924.0 | ||
| 008 | 260131b |||||||| |||| 00| 0 eng d | ||
| 020 | _a1-58255-234-7. | ||
| 040 |
_aDWC-Main lib. _cOC |
||
| 082 | _aCirc. 616.075 D541 2004 | ||
| 245 |
_aDiagnostic tests : _ba prescriber's guide to test selection and interpretation/ |
||
| 260 |
_aPhiladelphia : _bLippincott Williams & Wilkins, _cc2004 |
||
| 300 |
_ax, 630 p. : _b illustrations ; _c23 cm. |
||
| 650 | _aDiagnosis-Handbooks, manuals, etc. | ||
| 942 |
_2ddc _cBK-CIRC _hCirc. _n0 |
||
| 999 |
_c8066 _d8066 |
||